| 000 | 00961nam a22002295a 4500 | ||
|---|---|---|---|
| 003 | OSt | ||
| 005 | 20161215104756.0 | ||
| 008 | 161215s2009 ua frb 000 0 ara d | ||
| 040 |
_aEG-ScBUE _bara _cEG-ScBUE |
||
| 043 | _af-ua--- | ||
| 082 | 0 | 4 |
_a344.6201 _bأ هـ و _222 |
| 100 | 1 | _aأهواني، حسام الدين كامل. | |
| 245 | 1 | 0 |
_aأسباب انقضاء عقد العمل في ظل القانون رقم 12 لسنة 2003 / _cتأليف حسام الدين كامل الأهواني. |
| 260 |
_a[د. م. : _bد. ن.]، _c2009 _eٍِ(الهرم : _fدار أبو المجد للطباعة) |
||
| 300 |
_a251 ص. ؛ _c24 سم. |
||
| 504 | _aيشتمل على إرجاعات ببليوجرافية. | ||
| 650 | 7 |
_aعقود العمل _xقوانين وتشريعات _zمصر. _2BUEsh |
|
| 650 | 7 |
_aالعمل والعمال _xقوانين وتشريعات _zمصر. _2BUEsh _910938 |
|
| 651 | _2BUEsh | ||
| 653 |
_bLLAAWW _cDecember2016 |
||
| 942 | _2ddc | ||
| 999 |
_c23576 _d23548 |
||